To increase intergovernmental coordination to identify and combat violent crime within Indian lands and of Indians : report (to accompany S. 982) (including cost estimate of the Congressional Budget Office).

Bibliographic Details
Corporate Author: United States. Congress. Senate. Committee on Indian Affairs (Author)
Format: Government Document eBook
Language:English
Published: [Washington, D.C.] : [U.S. Government Publishing Office], 2020.
Series:Report / 116th Congress, 2d session, Senate ; 116-214
Subjects:
Online Access:https://purl.fdlp.gov/GPO/gpo132166

MARC

Tag First Indicator Second Indicator Subfields
LEADER 00000cam a2200000 i 4500
001 in00004091021
005 20211120104303.0
006 m o d f
007 cr |||||||||||
008 200212s2020 dcu ob f000 0 eng c
035 |a (OCoLC)on1140400353 
042 |a pcc 
043 |a n-us--- 
040 |a GPO  |b eng  |e rda  |e pn  |c GPO  |d GPO  |d OCLCF  |d GPO  |d MvI 
049 |a WWW 
050 4 |a KF31  |b .I45 2020c 
074 |a 1008-G (online) 
086 0 |a Y 1.1/5:116-214 
110 1 |a United States.  |b Congress.  |b Senate.  |b Committee on Indian Affairs,  |e author. 
245 1 0 |a To increase intergovernmental coordination to identify and combat violent crime within Indian lands and of Indians :  |b report (to accompany S. 982) (including cost estimate of the Congressional Budget Office). 
264 1 |a [Washington, D.C.] :  |b [U.S. Government Publishing Office],  |c 2020. 
300 |a 1 online resource (6 pages). 
336 |a text  |b txt  |2 rdacontent 
337 |a computer  |b c  |2 rdamedia 
338 |a online resource  |b cr  |2 rdacarrier 
490 1 |a Report / 116th Congress, 2d session, Senate ;  |v 116-214 
588 |a Description based on online resource; title from PDF title screen (govinfo web site, viewed on Feb. 12, 2020). 
500 |a "February 11, 2020." 
504 |a Includes bibliographical references. 
650 0 |a Indians of North America  |x Crimes against. 
650 0 |a Missing persons  |x Investigation  |z United States. 
650 0 |a Murder  |x Investigation  |z United States. 
650 0 |a Intergovernmental cooperation  |z United States. 
650 0 |a Indians of North America  |x Legal status, laws, etc. 
650 7 |a Indians of North America  |x Crimes against.  |2 fast  |0 (OCoLC)fst00969694 
650 7 |a Indians of North America  |x Legal status, laws, etc.  |2 fast  |0 (OCoLC)fst00969825 
650 7 |a Intergovernmental cooperation.  |2 fast  |0 (OCoLC)fst00976270 
650 7 |a Missing persons  |x Investigation.  |2 fast  |0 (OCoLC)fst01023707 
650 7 |a Murder  |x Investigation.  |2 fast  |0 (OCoLC)fst01029788 
651 7 |a United States.  |2 fast  |0 (OCoLC)fst01204155 
655 7 |a Legislative materials.  |2 fast  |0 (OCoLC)fst01774285 
655 7 |a Legislative materials.  |2 lcgft 
776 0 8 |i Print version:  |a United States. Congress. Senate. Committee on Indian Affairs.  |t To increase intergovernmental coordination to identify and combat violent crime within Indian lands and of Indians  |w (OCoLC)1141204284 
776 0 8 |i Microfiche version:  |a United States. Congress. Senate. Committee on Indian Affairs.  |t To increase intergovernmental coordination to identify and combat violent crime within Indian lands and of Indians  |w (OCoLC)1201259807 
810 1 |a United States.  |b Congress.  |b Senate.  |t Report ;  |v 116-214. 
856 4 0 |u https://purl.fdlp.gov/GPO/gpo132166  |t 0 
999 f f |s b4ac797c-1a26-3980-b95b-3d1d33529514  |i 5ad5b4aa-aec4-3db4-83c7-45978615230b  |t 0 
952 f f |a Texas A&M University  |b College Station  |c Electronic Resources  |d Available Online  |t 0  |e Y 1.1/5:116-214  |h Superintendent of Documents classification 
998 f f |a Y 1.1/5:116-214  |t 0  |l Available Online